000 00628cam a22002293a 4500
001 30927
003 PGUSA
005 20140828083653.0
008 100111s2010||||xxu|||||s|||||000 1 eng d
040 _aPGUSA
_beng
042 _adc
100 1 _aCottrell, Charles
245 1 0 _aJack of No Trades
_h[electronic resource] /
_cCharles Cottrell
260 _bProject Gutenberg,
_c2010
506 _aPublic domain in the USA.
516 _aElectronic text
653 _aScience fiction
653 _aParanormal fiction
830 0 _aProject Gutenberg
_v30927
856 4 0 _uhttp://www.gutenberg.org/ebooks/30927
942 _cEB
999 _c260182
_d260182